| 000 | 02272cam a22004694i 4500 | ||
|---|---|---|---|
| 003 | PE-LiUPU | ||
| 005 | 20250731172956.0 | ||
| 008 | 150616s1949 nyu r 000 0 eng d | ||
| 035 | _a(Sirsi) a2170 | ||
| 040 |
_aPE-LiUPU _bspa _cPE-LiUPU _erda |
||
| 049 | _aPRUA | ||
| 082 | 0 | 4 |
_a254.09 _bB57 _221 |
| 100 | 1 |
_aBlackwood, Andrew Watterson, _eautor. |
|
| 245 | 1 | 0 |
_aPastoral leadership / _cAndrew Watterson Blackwood. |
| 264 | 1 |
_aNew York : _bAbingdon Cokesbury Press, _c1949. |
|
| 300 |
_a272 páginas ; _c28 centímetros |
||
| 336 |
_atext _2rdacontent |
||
| 337 |
_aunmediated _2rdamedia |
||
| 338 |
_avolume _2rdacarrier |
||
| 505 | 0 | _aThe goals of a pastorate -- The plight of the leader -- The problems of the church -- The first year on the field -- The attitude toward equipment -- The different kinds of boards -- The relation to the official board -- The dealings with the staff -- The friend of the musicians the believer in the ushers -- The counselor of committees -- The chairman of a gathering -- The outlook on the community -- The appeal of paid publicity -- The comity with other churches -- The arrangements for evangelism -- The conservation of new membres -- The dependence on group leaders -- The pastor of the church school -- The other work with boys and girls -- The program for the young people -- The promotion of world missions -- The activities among the women -- The problem about the men's club. | |
| 526 | _aSEG42 | ||
| 526 | _aSEG41 | ||
| 526 | _aSEG40 | ||
| 526 | _aSEG39 | ||
| 526 | _aP94 | ||
| 526 | _aP87 | ||
| 526 | _aP86 | ||
| 526 | _aP85 | ||
| 526 | _aP77 | ||
| 526 | _aP76 | ||
| 526 | _aP35 | ||
| 650 | 0 | 4 | _aTrabajo de la Iglesia. |
| 650 | 0 | 4 |
_aTeología Pastoral. _91381 |
| 910 |
_ajck _bjvq _cjck |
||
| 910 |
_bksl _cksl _d20190528 |
||
| 942 |
_2ddc _cBOOK |
||
| 949 |
_a254.09 B57 _wDEWEY _c1 _i03300 _lCCODEBUL1 _mBUL _p20.00 _r0 _sY _tBOOK _u19921209 _xTEOLOGIA _zUNKNOWN _0COMPRA _o.STAFF. Colección Teología |
||
| 994 |
_aC0 _bPEPRU |
||
| 596 | _a1 | ||
| 999 |
_a254.09 B57 _wDEWEY _c22192 _i03300 _f2021-11-12 _g6 _lCCODEBUL1 _mBUL _p20.00 _r0 _sY _tBOOK _u2015-6-16 _xTEOLOGIA _zUNKNOWN _0COMPRA _o.STAFF. Colección Teología _d22192 |
||
| 980 |
_81 _gALBERTO SANCHEZ Responsable de Automatización |
||